Normal view
MARC view
- Social interaction in children
Entry Topical Term
001 - CONTROL NUMBER
- control field: 92074
003 - CONTROL NUMBER IDENTIFIER
- control field: NUST
005 - DATE AND TIME OF LATEST TRANSACTION
- control field: 20220622102803.0
008 - FIXED-LENGTH DATA ELEMENTS
- fixed length control field: 220622|| aca||aabn | a|a d
040 ## - CATALOGING SOURCE
- Original cataloging agency: NUST
- Transcribing agency: NUST
150 ## - HEADING--TOPICAL TERM
- Topical term or geographic name entry element: Social interaction in children
- Topical term or geographic name entry element: Interpersonal relations in children
670 ## - SOURCE DATA FOUND
- Source citation: Work cat.: (NUST): Thompson, Michael, 92073, Mom, they're teasing me :, 2002.
